Statistics for Tennis-Most Major Titles (Men)

Click here to take the quiz!

General Stats

  • This quiz has been taken 65 times
  • The average score is 9 of 10

Answer Stats

Majors WonPlayerCountry% Correct
20Roger FedererSwitzerland 🇨🇭
100%
21Novak DjokovicSerbia 🇷🇸
98%
22Rafael NadalSpain 🇪🇸
98%
11Björn BorgSweden 🇸🇪
96%
14Pete SamprasUnited States 🇺🇸
96%
8Andre AgassiUnited States 🇺🇸
89%
7John McEnroeUnited States 🇺🇸
79%
8Ivan LendlCzech Republic 🇨🇿
74%
8Jimmy ConnorsUnited States 🇺🇸
72%
7Mats WilanderSweden 🇸🇪
55%

Score Distribution

Percentile by Number Answered

Percent of People with Each Score

Your Score History

You have not taken this quiz